Koncepčný návrh ergonomickej uzavretej kabíny pre lesný pásový stroj LPS-80
Enregistré dans:
| Auteur principal: | |
|---|---|
| Autres auteurs: | |
| Format: | Manuscrit Livre |
| Langue: | slovaque |
| Publié: |
2023
|
| Sujets: | |
| Accès en ligne: | http://is.stuba.sk/zp/portal_zp.pl?podrobnosti=171880 |
| Tags: |
Pas de tags, Soyez le premier à ajouter un tag!
|
MARC
| LEADER | 00000ntm a22000003a 4500 | ||
|---|---|---|---|
| 001 | stuzp94638 | ||
| 003 | SK-STU | ||
| 005 | 20240424131126.7 | ||
| 007 | ta | ||
| 008 | 150427s2015----xo-----f-mn---000-0-slo-d | ||
| 040 | |a STU |b slo | ||
| 041 | 0 | |a slo | |
| 100 | 1 | |a Babiák, Máté |u 020030 |4 aut |U SjF Strojnícka fakulta |T SjF Ústav dopravnej techniky a konštruovania |X 98657 |U J0030 |Y 806 |7 98657 | |
| 242 | 0 | 1 | |a Conceptual design of an ergonomic closed cabin for the LPS-80 forest track machine |y eng |
| 245 | 1 | 0 | |a Koncepčný návrh ergonomickej uzavretej kabíny pre lesný pásový stroj LPS-80 |
| 260 | |c 2023 | ||
| 650 | 4 | |a kabína |2 slo | |
| 650 | 4 | |a ergonómia |2 slo | |
| 650 | 4 | |a bezpečnosť |2 slo | |
| 650 | 4 | |a výhľadové zóny |2 slo | |
| 650 | 4 | |a prístupová sústava |2 slo | |
| 650 | 4 | |a cab |2 eng | |
| 650 | 4 | |a ergonomics |2 eng | |
| 650 | 4 | |a safety |2 eng | |
| 650 | 4 | |a view zones |2 eng | |
| 650 | 4 | |a access system |2 eng | |
| 700 | 1 | |a Slovák, Pavol |u 020030 |k Z1 |4 ths |U SjF Strojnícka fakulta |T SjF Ústav dopravnej techniky a konštruovania |X 2338 |U J0030 |Y 806 |7 A000002338 | |
| 856 | 4 | |u http://is.stuba.sk/zp/portal_zp.pl?podrobnosti=171880 | |
| 996 | |b 284J047524 |c J* 3646/DDP |l JJSK |s A |a 24 |w stuzp94638_0001 | ||